[Event "Bundesliga 0203"]
[Site "Germany"]
[Date "2003.01.11"]
[Round "8.5"]
[White "Borriss, Martin"]
[Black "Gurevich, Mikhail"]
[Result "0-1"]
[WhiteElo "2439"]
[BlackElo "2634"]
[Annotator "Erenburg,S"]
[PlyCount "80"]
[EventDate "2002.10.19"]
[EventType "team-tourn"]
[EventRounds "15"]
[EventCountry "GER"]
[SourceTitle "CBM 093"]
[Source "ChessBase"]
[SourceDate "2003.04.01"]
[SourceVersion "1"]
[SourceVersionDate "2003.04.01"]
[SourceQuality "1"]
[WhiteTeam "Neukoelln"]
[BlackTeam "Porz"]
[WhiteTeamCountry "GER"]
[BlackTeamCountry "GER"]

1. e4 d6 2. d4 Nf6 3. Nc3 g6 4. f4 Bg7 5. Nf3 c5 6. Bb5+ Bd7 7. e5 Ng4 8. e6 ({
Another theoretical line is} 8. Bxd7+ {1/2-1/2 Acs,P-Chernin,A/Lillafured 1999/
CBM 70/[Kaspi,A] (27)}) 8... Bxb5 ({Black has possibility to continue} 8...
fxe6 9. Ng5 Bxb5 10. Nxe6 Bxd4 11. Nxd8 Bf2+ 12. Kd2 Be3+ 13. Ke1 Bf2+ {
1/2-1/2 Yevseev,D-Popov,V/Nefteyugansk 2002/CBM 92 (13)}) 9. exf7+ Kd7 10. Nxb5
Qa5+ 11. Nc3 cxd4 12. Nxd4 h5 (12... Bxd4 $1 {See commented game1-0 Beliavsky,
A-Kantsler,B/Azov 1991/CBM 25/[Stohl] (42)}) 13. Qf3 {Quite a rare move, in
comparison to} (13. h3 Nc6 14. Nde2 (14. Nxc6 $4 Bxc3+ 15. bxc3 Qxc3+ 16. Bd2
Qg3+ {0-1 Picon Rodriguez,J-Peralta,F/Madrid 2002/CBM 90 ext (16)}) 14... Nh6
15. Be3 Nf5 (15... Rhf8 {Stohl} 16. Qd3 Nf5 17. Bf2 Rxf7 18. O-O-O h4 19. Kb1
Rc8 20. Qe4 Nd8 21. Rhe1 $14 {Beliavsky,A-Tal,M,Brussels 1988-CBM 07}) 16. Bf2
Raf8 (16... Rac8 {1-0 Stefansson,H-Gurevich,M/Tilburg 1994/CBM 44/[Stohl] (55)}
) 17. O-O Rxf7 {1-0 Hellers,F-Van Wely,L/Philadelphia 1992/TD (46)}) 13... Nc6
14. Nde2 Raf8 15. h3 Nh6 (15... Nf6 {1-0 Bareev,E-Azmaiparashvili,Z/Lvov 1990/
CBM 18/[King] (47)}) 16. Be3 Nf5 17. Bf2 Rxf7 18. O-O $146 (18. b4 {0-1
Riemersma,L-Van Wely,L/Enschede 1990/EXT 2002 (51)}) 18... Qa6 {[%csl Gb7]
[%cal Ya6c4,Ya6b7] Black played this move in order to prevent the white's
immediate 19.b4. He has other options as well:} (18... Rc8 19. Rfd1 Kc7 {
[%cal Yc7b8]}) (18... e6 {Interesting move, but still untested.} 19. Rfd1 Kc8
$13 {[%cal Yd6d5]}) (18... Rhf8 19. a3 {preparing b2-b4.} (19. b4 $5) 19... Kc8
20. b4 Qd8 21. Rad1 $13) (18... Kc8 $5) 19. a4 {[%cal Yc3b5]} (19. b4 {doesn't
work, in view of} Nxb4 20. Rab1 Nc6) 19... Rc8 20. Nb5 (20. Rad1 {comes to
consideration.}) 20... Bxb2 {The most principal continuation and probably the
best one.} 21. Rab1 Bg7 {There is no difference between the move in the text
and the following one:} (21... Bf6) 22. Nxa7 Nxa7 23. Qxb7+ Qxb7 24. Rxb7+ Ke8
(24... Ke6 {was too risky decision.} 25. Rxa7 (25. Re1 {[%csl Re6] with
complications}) 25... Rxc2 26. Re1 $13 {[%csl Re6]}) 25. Rxa7 e6 $2 ({Black
has to play cool} 25... Rxc2 $1 26. Rb1 Rf8 $1 $11 {[%cal Ye8f7]} ({Of course
not} 26... Rb2 27. Rxb2 Bxb2 28. a5 $18) (26... Bb2 $5)) 26. Rxf7 Kxf7 27. c3
$16 Ra8 (27... Ne7 {doesn't work, in view of} 28. a5 $1 Nd5 29. a6 $1) 28. Ra1
Ne7 29. a5 Ra6 30. Ra3 (30. g4 {was strong enough as well.}) 30... Bf6 31. c4
$6 (31. g4 $16 {The more accurate was}) 31... Nc6 32. Bb6 Ke8 $14 33. Rg3 $2 ({
After} 33. Kf2 {white keeps his advantage.}) 33... Nxa5 34. Bxa5 Rxa5 35. Rxg6
Kf7 36. Rg3 Ra2 37. Kf1 $4 ({Better was} 37. Re3 {and, probably, white could
achieve the draw.}) 37... Ra1+ $19 38. Kf2 Bh4 39. Kf3 Ra3+ 40. Kf2 Rd3 0-1

[Event "St Petersburg-ch 78th"]
[Site "St Petersburg"]
[Date "2005.03.22"]
[Round "6"]
[White "Solovjov, Sergey"]
[Black "Lugovoi, Aleksei"]
[Result "1-0"]
[WhiteElo "2456"]
[BlackElo "2552"]
[Annotator "Erenburg,S"]
[PlyCount "69"]
[EventDate "2005.03.17"]
[EventType "tourn"]
[EventRounds "11"]
[EventCountry "RUS"]
[EventCategory "10"]
[SourceTitle "CBM 106"]
[Source "ChessBase"]
[SourceDate "2005.06.06"]
[SourceVersion "1"]
[SourceVersionDate "2005.06.06"]
[SourceQuality "1"]

{[%mdl 8200]} 1. e4 d6 2. d4 Nf6 3. Nc3 g6 4. f4 Bg7 5. Nf3 O-O 6. Bd3 Na6 7.
O-O c5 8. d5 Rb8 {Another theoretical line is:} (8... Bg4 {---> 1-0
Mastrovasilis,D-Marin,M/Istanbul 2003/CBM 96/[Erenburg] (44)}) 9. f5 $5 {
It is one of the most aggressive attempts to get an advantage in this popular
position. White opens the "f" file and c1-h6 diagonal to join the dark-squared
bishop to an attack. Other continuations are:} (9. e5 $1 {---> 1-0 Vaisser,
A-Bauer,C/Aix les Bains 2003/CBM 97_01/[Erenburg] (32)}) (9. Qe2 {---> 0-1
Jakovenko,D-Lugovoi,A/Krasnodar 2002/CBM 91/[Finkel] (41)}) (9. Bc4 {---> 1/
2-1/2 Pedersen,N-Izoria,Z/Istanbul 2003/CBM 96/[Erenburg] (29)}) (9. Kh1 Bg4 (
9... Nc7 10. a4 a6 11. a5 b5 12. axb6 Rxb6 13. Na4 Rb8 14. c4 e6 15. e5 Nfe8
16. dxe6 Nxe6 17. Be4 $14 {1/2-1/2 Baklan,V-Smirin,I/Istanbul 2000/EXT 2001 
(26)}) 10. a3 Nc7 11. Qe1 b5 12. Qh4 c4 13. Be2 e6 14. f5 exf5 15. exf5 Bxf5
16. Bg5 $13 {1/2-1/2 Sadvakasov,D-Lugovoi,A/Moscow 2002/CBM 88 (64)}) 9... Nb4
{trying to eliminate white's light-squared bishop.} (9... Nc7 10. a4 a6 11. a5
Nb5 12. fxg6 hxg6 13. Qe1 Nxc3 14. bxc3 Nh7 15. e5 e6 16. Ra4 dxe5 17. Rh4 Bf6
18. Rh6 exd5 19. Nxe5 Bg7 20. Rxh7 Kxh7 21. Nxf7 {1-0 Almasi,Z-Hickl,J/
Bundesliga 2003 (21)}) (9... Ng4 10. Qe1 Nb4 11. Qh4 Nxd3 12. cxd3 gxf5 13. h3
Nf6 14. Bh6 Bxh6 15. Qxh6 Kh8 16. Ng5 Qe8 17. exf5 Rg8 18. Rae1 b5 19. Nce4 Qf8
20. Nxf6 Qxh6 21. Nxf7+ Kg7 22. Nxh6 Rf8 23. Nfg4 {1-0 Donchev,D-Kljako,D/
Trnava 1982/MCD (23)}) (9... gxf5 {---> 1/2-1/2 Nataf,I-Marin,M/Andorra 1998/
EXT 2003/[Marin,M] (52)}) (9... b5 $2 10. Nxb5 c4 11. Bxc4 Rxb5 12. Bxb5 Qb6+
13. Nd4 Nh5 14. c3 Bxd4+ 15. Qxd4 Qxb5 16. fxg6 hxg6 17. Qxa7 $18) 10. fxg6
fxg6 $146 {According to my database, this position appeared for the first time.
In the preceding game black took with the "h" pawn:} (10... hxg6 11. Be2 Bg4
12. Ng5 Qd7 13. a3 Na6 14. Qe1 Nc7 15. Bd3 b5 16. Qh4 Rfc8 17. Be3 c4 18. e5
cxd3 19. exf6 exf6 20. Qh7+ Kf8 21. Nge4 Ne8 22. Rae1 dxc2 23. Bh6 Bxh6 24.
Qh8+ Ke7 25. Nxf6+ {1-0 Acs,P-Spasov,V/Budapest 2000/CBM 78 (25)}) 11. Be2 {
Logical decision to avoid the trade of light-squared bishop.} Ng4 (11... b5 12.
a3 Na6 13. Nxb5 Nxe4 14. Nxa7 $18) ({I think, black should have considered the
following continuation:} 11... e6 $5 12. a3 (12. dxe6 Bxe6 13. Ng5 Qe7 14. a3
Nc6 $11) 12... Na6 13. dxe6 Nc7 14. Ng5 Qe7 $13) 12. a3 Na6 13. Qe1 {
transfering the queen to an active position on the kingside.} Nc7 $6 {
preparing to carry out b7-b5. Probably, it was last moment to prevent from
white the transfer of the queen to extremely active position on h4.} (13... e6
{again came to consideration.} 14. Bc4 Nc7 15. Bg5 Qe8 16. Qg3 b5 17. Be2 Ne5
$13) 14. Qh4 Qe8 15. Bd2 {connecting the rooks.} h6 {preparing to carry out
g6-g5.} (15... b5 16. h3 Nf6 17. Rf2 a5 (17... b4 18. axb4 cxb4 19. Nd1 $16)
18. Raf1 $36) ({Maybe} 15... Bd7 {was better.}) 16. h3 g5 {Only move.} {
[%tqu "En","Please enter the best continuation for white.","","","d2g5","",10]}
17. Bxg5 $1 {[%mdl 704] White has enough pieces on the kingside for successful
attack!} hxg5 (17... Rxf3 {isn't better:} 18. Rxf3 hxg5 19. Qxg5 Nf6 (19... Ne5
20. Rg3 Qf8 21. Rf1 Nf7 22. Qg6 $18 {[%cal Yg3f3]}) 20. Rg3 Qf7 21. Rf1 $18 {
[%cal Ye4e5]}) 18. Nxg5 Nf6 ({In case of} 18... Bd4+ 19. Kh1 Nf2+ {white
sacrifices an exchange!} 20. Rxf2 Rxf2 21. Qh7+ Kf8 22. Bh5 Qd8 23. e5 $1 Bxe5
24. Nce4 $1 $18 {[%cal Ge4f6] and wins the game!}) {[%tqu "En","White has
sacrificied a bishop. How would you continue white's attack?","","","f1f6","",
10]} 19. Rxf6 $1 {[%mdl 704]} Rxf6 20. Qh7+ Kf8 {[%tqu "En","And what now?","",
"","e2h5","",10]} 21. Bh5 $1 Qd8 (21... Qd7 {loses as well:} 22. Bf7 Rxf7 23.
Nxf7 Ne8 24. Rf1 Nf6 25. Nh8 Qd8 (25... Bxh8 26. Qxh8+ Kf7 27. Rf5 {[%cal
Yf5g5]}) 26. g4 $18) {[%tqu "En","Please find the best move for white.","","",
"h5f7","",10]} 22. Bf7 $1 {threatening with the mate on g8.} e5 ({Black's
position is hopeless after} 22... Rxf7 {as well:} 23. Nxf7 Kxf7 24. Rf1+ Ke8
25. Qxg7 Kd7 26. Qg4+ Ke8 27. Qg8+ Kd7 28. Rf8 Ne8 29. Nb5 Qb6 30. Qg6 $1 $18)
23. dxe6 Rxf7 (23... Bxe6 24. Nxe6+ Nxe6 25. Qg8+ Ke7 26. Nd5+ Kd7 27. Nxf6+ (
27. Bxe6+ Rxe6 28. Qxg7+ Kc6 29. Re1 $16) 27... Qxf6 28. e5 $3 dxe5 29. Qxb8
Qxf7 30. Qxb7+ $18) 24. Nxf7 Bd4+ (24... Qf6 25. Rf1 $18) 25. Kh1 Qf6 {
covering the "f" file.} 26. Nd5 {But, white has some more pieces on the board!}
(26. Nxd6 {[%cal Ge6e7,Yh7c7] wins as well:} Bxe6 (26... Nxe6 27. Nd5 $18) 27.
Qxc7 $18) 26... Nxd5 27. exd5 $18 {Black cannot neutralize white's attack
without very big material loses...} Ke7 (27... Bxe6 {doesn't change too much:}
28. dxe6 Re8 29. c3 Rxe6 30. cxd4 Qxf7 31. Qh8+ Ke7 32. dxc5 $18) 28. Nh6+ Kd8
29. Nf5 Be5 ({The most resistant continuation leads to the position without
two pawns:} 29... Bxe6 30. dxe6 Qxe6 31. Nxd4 cxd4 32. Rf1 Qe7 33. Qh8+ $18)
30. Rf1 (30. e7+ {is even simplier:} Kd7 31. Qg8 $18) 30... Bxe6 31. dxe6 Qxe6
32. Nd4 Qe7 (32... cxd4 33. Rf8+ Qe8 34. Rxe8+ Kxe8 35. Qg8+ $18) 33. Ne6+ Kd7
34. Rf7 Re8 35. Nf8+ 1-0

[Event "Bundesliga 0203"]
[Site "Germany"]
[Date "2003.03.31"]
[Round "15.6"]
[White "Wahls, Matthias"]
[Black "Gallagher, Joseph G"]
[Result "1-0"]
[WhiteElo "2539"]
[BlackElo "2540"]
[Annotator "Erenburg,S"]
[PlyCount "68"]
[EventDate "2002.10.19"]
[EventType "team-tourn"]
[EventRounds "15"]
[EventCountry "GER"]
[SourceTitle "CBM 095"]
[Source "ChessBase"]
[SourceDate "2003.07.25"]
[SourceVersion "1"]
[SourceVersionDate "2003.07.25"]
[SourceQuality "1"]
[WhiteTeam "Hamburger SK"]
[BlackTeam "Werder Bremen"]
[WhiteTeamCountry "GER"]
[BlackTeamCountry "GER"]

1. e4 d6 2. d4 Nf6 3. Nc3 g6 4. f4 Bg7 5. Nf3 c5 6. Bb5+ Bd7 7. Bxd7+ {A quite
rare move, which is played often by Shirov.} ({Much more popular is} 7. e5 {
See commented game 1-0 Golod,V-Kreizberg,M/Rehovot 2001/CBM 87/[Golod,V] (23)})
7... Nfxd7 {Another possibility of capture is} (7... Qxd7 {See commented game
1/2-1/2 Shirov,A-Othman,A/Dubai 2002/CBM 89/[Avrukh,B] (30)}) (7... Nbxd7 8. d5
O-O 9. Qe2 e6 10. dxe6 fxe6 11. O-O Qe7 12. Bd2 a6 13. a4 Rae8 14. Rae1 $13 {
1-0 Shirov,A-Van Wely,L/Monte Carlo 1998/CBM 63 ext (26)}) 8. d5 O-O (8... b5 {
1/2-1/2 Shirov,A-Beliavsky,A/Madrid 1997/CBM 59/[Shirov] (46)}) (8... Na6 {
1-0 Shirov,A-Hulak,K/Manila 1992/CBM 30/[Shirov] (31)}) 9. O-O Na6 10. f5 (10.
Qe2 Nc7 11. a4 a6 12. Rd1 b6 {[%cal Ya8b8,Yb6b5]} (12... Rb8 13. a5 $5) 13. e5
$14 {1-0 Van der Wiel,J-Larsen,B/Amsterdam 1980/MCL (36)}) 10... Nc7 $6 $146 {
This position appeared for the first time. I think that better was firstly to
activate the queen, as it was played in a previous game:} (10... Qb6 11. Kh1
Nc7 12. Ne2 c4 13. Ng3 a5 14. Rb1 $14 {0-1 Savon,V-Hort,V/Petropolis 1973/IZT 
(38)}) (10... Nf6 11. Bg5 c4 {[%cal Ga6c5]} 12. Kh1 Qd7 13. Qe2 b5 14. a3 Qb7
15. Rae1 $14 {1-0 Gurevich,V-Lornje,F/Simferopol 1991/TD (34)}) 11. a4 {
Taking control over the b5 square.} a6 {[%cal Yb7b5]} 12. Qe1 {[%cal Ye1h4]} b5
{In this type of position white's plan is to develop the initiative on the
king side, transfering his pieces to this area. In opposite black creates
counterplay on the queenside, pushing forward his pawn "b" with following
attack of the center with e7-e6.} 13. Qh4 b4 14. Ne2 {[%csl Ga4,Rb5][%cal
Yc7b5] Now we understand the importance of the 11-th move a4.} e6 (14... gxf5 {
In positions such like this, it is always dangerous to capture on f5:} 15. Bh6
$40) 15. Bg5 {forcing black to close his dark-squared bishop.} f6 16. Bd2 exd5
17. exd5 g5 18. Qe4 $6 ({Deserved attention} 18. Qg3) 18... Qe8 $6 ({Black
should play} 18... Re8 $1 19. Qd3 Qe7 (19... g4 20. Nh4 Ne5 21. Qb3 $13) 20.
Rfe1 (20. Ng3 g4 21. Nh4 Ne5 22. Qb3 Rab8 $17 {[%cal Gc5c4]}) 20... Qe4 $15)
19. Ng3 Qf7 $6 {Probably black had to choose one of the following options:} (
19... Qxe4 $5 20. Nxe4 Nxd5 21. Nxd6 g4 22. Ne1 (22. Nh4 Rfd8) 22... Rfd8 $13)
(19... Nb6 $5 20. Qd3 $13) 20. Rad1 $1 Rfe8 21. Qg4 Ne5 $6 ({Better was} 21...
Nxd5 $5 22. Bc1 Ne5 (22... Bf8 $5) 23. Qe4 Nxf3+ 24. Qxf3 Re5 25. b3 $14 {
[%cal Gc1b2]}) 22. Nxe5 Rxe5 23. c4 bxc3 24. Bxc3 Rxd5 25. Ne4 $44 {White's
chances are preferable thanks to much more active pieces than the black's ones.
} h5 26. Qg3 Ne8 $6 {overlooking white's tactical resourse.} (26... Qe7 $5 {
comes to consideration.}) 27. h3 $6 {White missed much more attractive
continuation, but anyway his position is better.} ({Stronger was} 27. Nxd6 $1
Nxd6 28. Qf3 Ne4 29. Qxe4 Rad8 30. Rxd5 Qxd5 31. Qe2 $16) 27... Rc8 (27... Rd8
28. Rde1 {and black's rook on e5 is out of the game.}) (27... Rxd1 28. Rxd1 Bf8
29. Qd3 $44) 28. Rde1 $1 c4 29. Re3 Qa7 $6 {Black's pieces are paralized, so
it isn't an easy job to recommend something for him.} (29... Bh6 30. Rfe1 $44)
30. Kh1 Qf7 31. Qf3 Kh7 $6 ({More resistant was} 31... Bh6 $1 32. Qe2 $1 $44 (
32. Bxf6 g4 33. hxg4 Bxe3 34. Qxe3 Nxf6 35. Qg5+ Kf8 36. Nxf6 Re5 37. gxh5 (37.
Nxh5 $5) 37... Qg7 38. g4 Qxg5 39. Nh7+ Kg8 40. Nxg5 Re2 $13)) 32. Rfe1 Rd3 {
Black is going to give back the pawn with idea to change his passive rook and
to get into the game his queen, but it doesn't improve his position, because
white's pieces will be still very active.} (32... Kg8 33. Ng3 $16) 33. Rxd3
cxd3 34. Qxd3 Qc4 {time Black lost on time, but anyway, his position is
hopeless.} ({For example:} 34... Qc4 35. Qd1 g4 36. hxg4 d5 (36... hxg4 37.
Qxg4 $18) 37. Nf2 hxg4 (37... Qf4 38. g5 Qxg5 (38... Qxf2 39. Qxh5+ Kg8 40.
Rxe8+ Rxe8 41. Qxe8+ Kh7 42. Qg6+ $18) 39. Qxd5 $18) 38. Nxg4 Qf4 39. Re7 $18)
(34... Rc6 35. Nxg5+ fxg5 36. Re7 Qc4 37. Qb1 $1 Kh6 38. Rxe8 Bxc3 39. bxc3
Qxc3 40. Re6+ Kg7 41. Qb7+ Rc7 42. Re7+ $18) 1-0

[Event "Subotica TS03 GM"]
[Site "Subotica"]
[Date "2003.03.29"]
[Round "9"]
[White "Pap, Misa"]
[Black "Delchev, Aleksander"]
[Result "1/2-1/2"]
[WhiteElo "2407"]
[BlackElo "2583"]
[Annotator "Erenburg,S"]
[PlyCount "36"]
[EventDate "2003.03.23"]
[EventType "tourn"]
[EventRounds "11"]
[EventCountry "YUG"]
[EventCategory "9"]
[SourceTitle "CBM 095"]
[Source "ChessBase"]
[SourceDate "2003.07.25"]
[SourceVersion "1"]
[SourceVersionDate "2003.07.25"]
[SourceQuality "1"]

1. e4 d6 2. d4 Nf6 3. Nc3 g6 4. f4 Bg7 5. Nf3 c5 6. dxc5 (6. e5 {is much more
popular theoretical line.}) 6... Qa5 7. Bd3 Qxc5 8. Qe2 Bg4 9. Be3 Qa5 10. h3
Bxf3 11. Qxf3 Nc6 12. O-O O-O 13. a3 Nd7 14. Bd2 {In this position white's
strong point is a pair of bishops. His plan is to attack the black monarch
through f4-f5 and occupying the d5 square with his knight. Black has a strong
dark-squared bishop on a long diagonal, his knights are going to occupy the
good positions in the center, such as d4 and c5. Of course black's main plan
is connected with the counterplay on the queenside, through Rc8 and pushing
forward his pawns "a" and "b". I think that the chances are approximately
equal.} Rac8 {Black tried another moves in this posiotn:} (14... Qd8 15. Kh1 (
15. Rab1 Nc5 16. Ne2 Nxd3 17. Qxd3 Qb6+ 18. Be3 Qc7 19. Bd2 Rac8 20. Bc3 a6 21.
Bxg7 Kxg7 22. Nc3 Qb6+ 23. Kh1 e6 $11 {Kose,S-Bognar,C/Yerevan 1999/CBM 72})
15... e6 16. Rae1 $5 (16. Rab1 a6 17. Ne2 Nc5 18. Rfd1 Nxd3 19. Qxd3 d5 20. Bc3
dxe4 21. Qxe4 Qc7 $11 {Campora,D-Chernin,A/Villarrobledo 1998/EXT 99}) (16.
Rad1 Qh4 (16... Rc8 17. f5 Qh4 18. Be1 Qe7 19. Bg3 Nce5 20. Qf2 a6 $13 {
Marjanovic,S-Vucicevic,M/Belgrade 1988/TD}) 17. Be1 Qe7 18. Bf2 Nb6 19. Rfe1
Nd4 20. Qe3 Rac8 21. Qc1 Nc6 $132 {Nurkic,S-Chabanon,J/Asti 1996/EXT 98}) (16.
Qg3 a6 17. f5 Be5 18. Bf4 Nf6 19. Bxe5 Nxe5 20. Qh4 Kg7 $13 {Van der Poel,
H-Chernin,A/San Bernardino 1994/EXT 97}) (16. Bc4 Nd4 (16... a6 17. Ba2 Qc7 18.
Rad1 b5 19. Be1 Nb6 20. Qd3 Rad8 21. Bh4 Rd7 22. f5 $36 {Arnason,J-Kristiansen,
J/Gausdal 1987/CBM 04}) 17. Qd1 d5 18. exd5 Nb6 19. Ba2 exd5 20. Ne2 Nf5 $15 {
Campora,D-Chernin,A/Brocco 1991/EXT 97}) 16... Rc8 17. Qg3 Qe7 18. Nd1 $5 Nc5
19. Bc3 a6 20. Bxg7 Kxg7 21. Ne3 $14 {1-0 Felgaer,R-Peralta,F/Pinamar 2002/CBM
88/[Finkel,A] (64)}) (14... Qb6+ $6 15. Kh1 Qxb2 $4 16. Rfb1 $18 {[%csl Rb2]})
(14... Nd4 15. Qf2 Nc5 16. Nd5 Qd8 17. Bc3 Nc6 18. Bxg7 Kxg7 19. f5 Nd7 20. Bb5
$6 (20. Rad1 $5 {deserved attention}) 20... a6 21. Bxc6 $6 bxc6 22. Nf4 Qb6 $11
{0-1 Sameeh,H-Berelovich,A/Cairo 2000/CBM 77 ext (37)}) 15. Kh1 a6 {preparing
b7-b5 subsequently.Black has option of playing Qd8 immediately:} (15... Qd8 16.
g4 (16. Qg3 Nc5 17. f5 Ne5 18. Nd5 Nexd3 19. cxd3 Nb3 20. Rad1 Nxd2 21. Rxd2 e6
22. Ne3 {1/2-1/2 Saltaev,M-Rakhmangulov,A/Moscow 1996/EXT 2000 (22)}) (16. Rfd1
e6 17. Rab1 a6 18. Ne2 Nc5 19. Be1 d5 20. c4 Nxe4 21. Bxe4 dxe4 22. Qxe4 Qc7
$11 {1/2-1/2 Arnason,J-Rukavina,J/Bor 1983/MCD (42)}) (16. Rab1 a6 (16... Nb6
17. Ne2 Nd4 18. Nxd4 Bxd4 19. e5 $1 {[%cal Gc2c3]} dxe5 20. f5 $1 $40 {
Unzicker,W-Timman,J/Nice 1974}) 17. Qf2 e6 18. Ne2 Nc5 19. f5 Nxd3 20. cxd3
exf5 21. exf5 Re8 22. fxg6 fxg6 23. Qf7+ Kh8 24. Bc3 $14 {1/2-1/2 Botterill,
G-Rukavina,J/Birmingham 1977/EXT 99 (36)}) 16... Nc5 17. f5 Ne5 18. Qg3 Nexd3
19. cxd3 Nb3 20. Rad1 Nxd2 {1/2-1/2 Galyas,M-Zimmerman,Y/Budapest 2000/EXT
2001 (20)}) 16. Rad1 {White is centralyzing his pieces, his main idea is to
occupy the d5 square by the knight.} (16. Qf2 Qd8 17. Rac1 b5 18. f5 Nce5 19.
Qh4 e6 20. Bg5 Bf6 21. Bxf6 Qxf6 22. Qh6 $13 {1-0 Wong Zi Jing-Zimmerman,Y/
Budapest 2000/CBM 74 ext (62)}) ({desreves attention:} 16. Qg3 {with following
f4-f5.}) 16... Qd8 {[%cal Gb7b5]} 17. Bc1 {preparing knight's transfer to d5.}
({In my opinion, the following option gives white more chances to get the
advantage:} 17. Qg3 Na5 $6 (17... Nc5 {comes to consideration.}) 18. Nd5 $1 Nc4
19. Bxc4 Rxc4 20. e5 $1 Nc5 (20... dxe5 21. Bb4 Re8 22. fxe5 Bxe5 23. Qf3 $16)
21. Bb4 $16 {1-0 Jonkman,H-Gofshtein,L/Hoogeveen 2001/CBM 84 ext (40)}) 17...
b5 {Black doesn't hurry with occupation of d4 and c5 squares by his knights,
thus he waits for white's actions.} (17... Nd4 18. Qf2 b5 19. Nd5 (19. a4 $5
$14) 19... e6 20. Nc3 $6 {looks strange.} ({More logical is} 20. Nb4 Nc5 21. e5
$14) 20... Qc7 $13 {1-0 Zaragatski,I-Mueller,M/Dresden 2002/EXT 2003 (40)}) 18.
Nd5 e6 {Probably in this position white has a slight advantage:} (18... Nd4 19.
Qf2 Nc5 (19... e6 20. Be3 $1) 20. c3 Ndb3 21. Be3 e6 22. Nb4 (22. Bxc5 Nxc5 23.
Ne3 $11) 22... a5 23. Bc2 $1 (23. Nc2 f5 $1 24. e5 (24. exf5 Nxd3 25. Rxd3 Rxf5
$11) 24... Nxd3 25. Rxd3 d5 $11) 23... Qc7 (23... axb4 $140 24. axb4 Qc7 25.
bxc5 Nxc5 26. f5 $14) 24. f5 $14) (18... Nc5 $5) (18... e6 19. Nb4 Nc5 (19...
Nd4 20. Qf2 Nc5 (20... a5 21. Be3 $1 $14) 21. e5 $14) 20. Nxc6 (20. e5 Nxb4 21.
axb4 Nxd3 $15) 20... Rxc6 21. Be2 $14 {/=}) 1/2-1/2